Fürst Pücklers Orient

Titel: Fürst Pücklers Orient : zwischen Realität und Fiktion / Marie-Ange Maillet, Simone Neuhäuser (Hg.)
Beteiligt: ;
Veröffentlicht: Berlin : be.bra wissenschaft, 2020
Umfang: 384 Seiten : Illustrationen ; 24.5 cm x 17.3 cm
Format: Buch
Sprache: Deutsch
Schriftenreihe/
mehrbändiges Werk:
Edition Branitz ; 16
Schlagworte:
ISBN: 9783954102662 ; 3954102668
Buchumschlag
X
alg: 47411041
001A    $00034:22-12-20 
001B    $01999:18-11-24 $t19:46:49.000 
001D    $00034:14-01-21 
001U    $0utf8 
001X    $00 
002@    $0Aau 
002C    $aText $btxt $2rdacontent 
002D    $aohne Hilfsmittel zu benutzen $bn $2rdamedia 
002E    $aBand $bnc $2rdacarrier 
003@    $0474110419 
003O    $01264223195 $aOCoLC 
004A    $A978-3-9541026-6-2 $fFesteinband : circa EUR 32.00 
004A    $03-9541026-6-8 
004K    $09783954102662 
006C    $01154235337 $aOCoLC 
006G    $01209762005 
006H    $0TOCNEUA2104 $2DNB 
006T    $020,N20 
006U    $021,A33 $f20200508 
007A    $01209762005 $aDNB 
007G    $0DE0243E3D38339D435CC1C12586CE00299F87 
009P    $qtext/html $A2 $3Inhaltstext $uhttp://deposit.dnb.de/cgi-bin/dokserv?id=99d738fc8e134edc8c0cc49f4f9dd8ab&prov=M&dok_var=1&dok_ext=htm $mX:MVB 
009P    $qapplication/pdf $A2 $3Inhaltsverzeichnis $uhttp://scans.hebis.de/HEBCGI/show.pl?47411041_toc.pdf $mV:DE-603;B:DE-Mb50 
009P    $qapplication/pdf $A2 $3Cover $uhttp://scans.hebis.de/HEBCGI/show.pl?47411041_cov.pdf $mV:DE-603;B:DE-Mb50 
009P    $qapplication/pdf $A2 $3Register $uhttp://scans.hebis.de/HEBCGI/show.pl?47411041_idx.pdf $mV:DE-603;B:DE-Mb50 
009P    $qapplication/pdf $A2 $3Buch Bibliographie $uhttp://scans.hebis.de/HEBCGI/show.pl?47411041_bib.pdf $mV:DE-603;B:DE-Mb50 
010@    $ager 
010E    $erda 
011@    $a2020 $n2020 
021A    $aFürst Pücklers Orient $dzwischen Realität und Fiktion $hMarie-Ange Maillet, Simone Neuhäuser (Hg.) 
028C    $BHerausgeber $4edt $7130686484 $8Maillet, Marie-Ange$Z1975- [Tp1] $9160829127 
028C    $BHerausgeber $4edt $71147091900 $8Neuhäuser, Simone$Z1972- [Tp3] $9423194623 
033A    $pBerlin $nbe.bra wissenschaft 
034D    $a384 Seiten 
034I    $a24.5 cm x 17.3 cm 
034M    $aIllustrationen 
036E    $aEdition Branitz $l16 
039U    $aRezensiert in $8--Aou--Waszek, Norbert$Z1953- [Tp1]. Fürst Pücklers Orient, 2021 $9499808843 
039U    $aRezensiert in $8--Aou--Waszek, Norbert$Z1953- [Tp1]. Fürst Pücklers Orient, 2022 $9505484439 
039U    $aRezensiert in $8--Oau--Waszek, Norbert$Z1953- [Tp1]. Marie-Ange Maillet. - Bielefeld : Aisthesis Verlag, 2022. - 1 Online-Ressource (9 Seiten). - urn:nbn:de:hebis:30:3-745327 $9510691862 
044K    $RPetrick, Johann Gottfried $#Muskau, Hermann von Pückler- $#Muskau, Hermann L. von $#Būklı̄r Mūskāw, ... $#Mūskāw, Būklı̄r $#Būklı̄r-Mūskāw, Lūdfı̄g Hārman Fūn $#Homogalakto $#Semilasso $#Puckler-Muskau, Hermann $#Pückler, Hermann von $#Pückler-Muskau, Hermann Ludwig Heinrich von $#Pückler-Muskau, Hermann zu $#Pukler-Muskau, ... de $#Pückler von Mußkau, ... $#Pückler Muskau, Hermann L. von $#Pückler von Mußkau, Hermann L. $#Pückler Muskau, Hermann $#Muskau, Hermann P. $#Pückler-Mußkau, Hermann L. von $#Muskau, Ludwig Heinrich Hermann von $#Pückler-Muskau, Hermann L. von $#Pückler-Muskau, Hermann Ludwig Heinrich $#Pückler-Mußkau, ... von $#Pückler Mußkau, Hermann L. $#Muskau, Hermann Ludwig Heinrich von Pückler- $#Pückler Muskau, Hermann von $#Tuttolasso $#Pückler-Muskau, Hermann von Prince, Ecrivain, Architecte paysagiste $#Pückler-Muskau, Hermann von Prince, Writer, Landscape architect $#Pückler-Muskau, Hermann Ludwig Heinrich von Fürst, Schriftsteller, Landschaftsarchitekt $#Pückler-Muskau, Hermann Ludwig Heinrich von Prince, Ecrivain, Architecte paysagiste $#Pückler-Muskau, Hermann Ludwig Heinrich von Prince, Writer, Landscape architect $#Semilasso  $#Semilasso  $#Semilasso  $#Pückler  $#Pückler  $#Pückler  $#Homogalakto  $#Homogalakto  $#Homogalakto  $#Pückler-Muskau, Hermann Fürst von $#Pückler-Muskau, Hermann Graf von $#Pückler-Muskau, Hermann von Fürst, Schriftsteller, Landschaftsarchitekt $#Pückler-Muskau, Hermann Ludwig Heinrich von $#Muskau, Hermann L. von M.- $#Muskau, Hermann von P.- $#Pückler-Muskau, Hermann Fürst von $#Muskau, Hermann von Pückler- Fürst $#Muskau, Hermann von P.- Fürst $#Muskau, Hermann P. $#Pückler-Mußkau, Hermann L. von $#Pückler Muskau, Hermann L. von $#Muskau, Hermann L. von $#Pückler von Mußkau, Hermann L. $#Pückler Mußkau, Hermann L. $#Krönert, Hans Hermann $#Pückler-Muskau, Herrmann von $#Pückler-Muskau, Hermann von $#Muskau, Hermann von Pückler $#Muskau, Hermann von $7118597019 $8Pückler-Muskau, Hermann$cvon$Z1785-1871 [Tp1] $9086937995 
044K    $RCottbus $RCottbus-Branitz $#Schlosspark Branitz Cottbus $#Fürst-Pückler-Park Branitz Cottbus $74112821-7 $8Branitzer Park$gCottbus [Tg1] $9085332984 
044K    $RCottbus $RCottbus-Branitz $RBranitzer Park $#Branitzer Schloss Cottbus $74397206-8 $8Schloss Branitz$gCottbus [Tg1] $9088505669 
044K    $#Morgenland $74075699-3 $8Orient [Tg1] $908521423X 
044K    $RFortbewegung $RVerkehr $RTourismus $RReiseleitung $#Voyages and travels $#Voyages $#Travel $#Reisen $74049275-8 $8Reise [Ts1] $9085137510 
045E    $c910 
045F    $a307.094315109034 $eDDC23BSB 
045F/01 $a307.09 
045F/03 $f09034 
045F/03 $g43151 
045R    $aGeschichte 1834-1840 
045R/01 $aGeistesgeschichte 
045V    $aPückler-Muskau, Hermann von $815.15.00$jZu einzelnen Autoren [Tkx] $9118843672 

lok: 47411041 23

exp: 47411041 23 1 #EPN
201B/01 $014-01-21 $t14:54:08.000 
201C/01 $022-12-20 
201U/01 $0utf8 
203@/01 $01134723067 
208@/01 $a14-01-21 $bz 
209A/01 $a25 Asl 430/20.P PUE $du $f021 $hASL 430 20.P PUE $x00 
209G/01 $a28669534 $x00 
247C/01 $8352021-3 <34/21>Kassel, UB Kassel, Standort Holländischer Platz $9102599424 

lok: 47411041 24

exp: 47411041 24 1 #EPN
201B/01 $014-03-22 $t09:14:56.000 
201C/01 $009-03-22 
201U/01 $0utf8 
203@/01 $01185288201 
208@/01 $a14-03-22 $bz 
209A/01 $a22.01141 $du $f050 $h22 01141 $x00 
209C/01 $a22.01141 T $h22 01141 T 
209G/01 $a74613551 $x00 
220C/01 $ahae 
247C/01 $8358050-7 Marburg, Bibliothek des Herder-Instituts Marburg $9102600961 

lok: 47411041 62

exp: 47411041 62 1 #EPN
201B/01 $029-09-22 $t22:21:25.000 
201C/01 $029-09-22 
203@/01 $01214758991 
208@/01 $a29-09-22 $be 
209A/01 $a/ $f000 $x00 
209B/01 $a2022 $x05 
247C/01 $8Frankfurt, Bibliographie der Deutschen Sprach- und Literaturwissenschaft $9113214561 
201U/01 $0utf8
LEADER 00000cam a2200000 c 4500
001 474110419
003 DE-603
005 20241118194649.0
007 tu
008 201222s2020 xx |||| | u00||u|ger
015 |a 21,A33  |z 20,N20  |2 dnb 
016 7 |2 DE-101  |a 1209762005 
020 |a 9783954102662  |c Festeinband : circa EUR 32.00 
020 |a 3954102668 
024 3 |a 9783954102662 
035 |a (DE-599)DNB1209762005 
035 |a (OCoLC)1264223195 
040 |a DE-603  |b ger  |c DE-603  |d DE-603  |e rda 
041 |a ger 
082 0 4 |8 1\u  |a 307.094315109034  |q DE-101  |2 23/BSB 
084 |a 910  |q DE-101  |2 sdnb 
085 |8 1\u  |b 307.09 
085 |8 1\u  |z 1  |s 09034 
085 |8 1\u  |z 2  |s 43151 
245 0 0 |a Fürst Pücklers Orient  |b zwischen Realität und Fiktion  |c Marie-Ange Maillet, Simone Neuhäuser (Hg.) 
264 1 |a Berlin  |b be.bra wissenschaft  |c 2020 
300 |a 384 Seiten  |b Illustrationen  |c 24.5 cm x 17.3 cm 
336 |a Text  |b txt  |2 rdacontent 
337 |a ohne Hilfsmittel zu benutzen  |b n  |2 rdamedia 
338 |a Band  |b nc  |2 rdacarrier 
490 0 |a Edition Branitz  |v 16 
600 1 7 |a Pückler-Muskau, Hermann von  |d 1785-1871  |0 (DE-588)118597019  |0 (DE-603)086937995  |2 gnd 
648 7 |a Geschichte 1834-1840  |2 gnd 
648 7 |a Geistesgeschichte  |2 gnd 
650 7 |a Reise  |0 (DE-588)4049275-8  |0 (DE-603)085137510  |2 gnd 
651 7 |a Branitzer Park  |g Cottbus  |0 (DE-588)4112821-7  |0 (DE-603)085332984  |2 gnd 
651 7 |a Schloss Branitz  |g Cottbus  |0 (DE-588)4397206-8  |0 (DE-603)088505669  |2 gnd 
651 7 |a Orient  |0 (DE-588)4075699-3  |0 (DE-603)08521423X  |2 gnd 
700 1 |a Maillet, Marie-Ange  |d 1975-  |e Herausgeber  |4 edt  |0 (DE-603)160829127  |0 (DE-588)130686484  |2 gnd 
700 1 |a Neuhäuser, Simone  |d 1972-  |e Herausgeber  |4 edt  |0 (DE-603)423194623  |0 (DE-588)1147091900  |2 gnd 
787 0 8 |i Rezensiert in  |a Waszek, Norbert, 1953-  |t Fürst Pücklers Orient  |w (DE-603)499808843 
787 0 8 |i Rezensiert in  |a Waszek, Norbert, 1953-  |t Fürst Pücklers Orient  |w (DE-603)505484439 
787 0 8 |i Rezensiert in  |a Waszek, Norbert, 1953-  |t Marie-Ange Maillet  |d Bielefeld : Aisthesis Verlag, 2022  |h 1 Online-Ressource (9 Seiten)  |o urn:nbn:de:hebis:30:3-745327  |w (DE-603)510691862 
856 4 2 |m X:MVB  |q text/html  |u http://deposit.dnb.de/cgi-bin/dokserv?id=99d738fc8e134edc8c0cc49f4f9dd8ab&prov=M&dok_var=1&dok_ext=htm  |3 Inhaltstext 
856 4 2 |m V:DE-603;B:DE-Mb50  |q application/pdf  |u http://scans.hebis.de/HEBCGI/show.pl?47411041_toc.pdf  |3 Inhaltsverzeichnis 
856 4 2 |m V:DE-603;B:DE-Mb50  |q application/pdf  |u http://scans.hebis.de/HEBCGI/show.pl?47411041_cov.pdf  |3 Cover 
856 4 2 |m V:DE-603;B:DE-Mb50  |q application/pdf  |u http://scans.hebis.de/HEBCGI/show.pl?47411041_idx.pdf  |3 Register 
856 4 2 |m V:DE-603;B:DE-Mb50  |q application/pdf  |u http://scans.hebis.de/HEBCGI/show.pl?47411041_bib.pdf  |3 Buch Bibliographie 
924 0 |9 34/21  |a (DE-603)1134723067  |b DE-34-21  |c HES  |d c  |g 25 Asl 430/20.P PUE 
924 0 |9 Mb 50  |a (DE-603)1185288201  |b DE-Mb50  |c HES  |d c  |g 22.01141 
924 0 |9 603  |a (DE-603)1214758991  |b DE-603  |c HES  |d d